[Event "First Saturday09JulyIM-A"]
[Site "Budapest"]
[Date "2009.07.10"]
[Round "7"]
[White "Sebestyen, Balazs"]
[Black "Biro, Sandor"]
[Result "1/2-1/2"]
[WhiteElo "2242"]
[BlackElo "2312"]
[PlyCount "59"]
[EventDate "2009.07.04"]

1. Nf3 Nc6 2. d4 d5 3. g3 Bg4 4. Bg2 f6 5. c4 e6 6. cxd5 exd5 7. O-O Qd7 8. Nc3
O-O-O 9. Qa4 Bh3 10. Bd2 g5 11. Rfc1 Bxg2 12. Kxg2 Kb8 13. Nb5 a6 14. Nc3 Nge7
15. Rab1 Nf5 16. e3 Bb4 17. a3 Ba5 18. b4 Bb6 19. b5 axb5 20. Qxb5 Qe6 21. Na4
g4 22. Ng1 Qe4+ 23. Kf1 Nfxd4 24. exd4 Nxd4 25. Qb2 Qd3+ 26. Kg2 Qe4+ 27. Kf1
Qd3+ 28. Kg2 Qe4+ 29. Kf1 Qd3+ 30. Kg2 1/2-1/2

[Event "First Saturday09JulyIM-A"]
[Site "Budapest"]
[Date "2009.07.11"]
[Round "8"]
[White "Farago, Sandor"]
[Black "Sebestyen, Balazs"]
[Result "1-0"]
[WhiteElo "2244"]
[BlackElo "2242"]
[PlyCount "127"]
[EventDate "2009.07.04"]

1. e4 e6 2. d4 d5 3. Nc3 Bb4 4. e5 c5 5. a3 Bxc3+ 6. bxc3 Ne7 7. Nf3 Qa5 8. Bd2
Nbc6 9. c4 Qc7 10. c3 Bd7 11. Rc1 O-O-O 12. Bd3 f5 13. exf6 gxf6 14. O-O Rhg8
15. Re1 e5 16. cxd5 Nxd5 17. dxe5 fxe5 18. Bc4 Bh3 19. Ng5 Bxg2 20. Qg4+ Kb8
21. Qxg2 Nce7 22. Kh1 h6 23. Ne6 Qd7 24. Qh3 Rdf8 25. Nf4 Qc6 26. Nxd5 Nxd5 27.
f3 Rg6 28. Rxe5 Nb6 29. Rf5 Rxf5 30. Qxf5 Nxc4 31. Bf4+ Nd6 32. Qf8+ Kc7 33.
Qf7+ Kc8 34. Qxg6 Qxf3+ 35. Qg2 Qxf4 36. Rf1 Qe5 37. Qf3 Kc7 38. a4 a6 39. Rd1
c4 40. Rd5 Qe6 41. a5 Qg6 42. h4 Qe6 43. Kh2 Qe1 44. Rc5+ Kd7 45. Qg4+ Kd8 46.
Qg8+ Kd7 47. Qg7+ Ke6 48. Qxh6+ Kd7 49. Qg7+ Ke6 50. Qg4+ Kf6 51. Qf4+ Ke6 52.
Rg5 Kd7 53. Rg7+ Kc6 54. Rg6 Qe2+ 55. Kh3 Qd3+ 56. Qg3 Qf5+ 57. Kh2 Qc2+ 58.
Qg2+ Qxg2+ 59. Kxg2 Kd5 60. h5 Nf5 61. Kf3 Ke5 62. Rb6 Nh4+ 63. Kg4 Nf5 64. h6
1-0

[Event "First Saturday09JulyIM-A"]
[Site "Budapest"]
[Date "2009.07.11"]
[Round "8"]
[White "Szalanczy, Emil"]
[Black "Bakin, Alexander"]
[Result "1-0"]
[WhiteElo "2318"]
[BlackElo "2248"]
[PlyCount "109"]
[EventDate "2009.07.04"]

1. e4 c6 2. d4 d5 3. e5 Bf5 4. Nf3 e6 5. Be2 c5 6. O-O Nc6 7. Be3 cxd4 8. Nxd4
Nge7 9. Bb5 a6 10. Bxc6+ bxc6 11. c3 Qc7 12. f4 h5 13. Nd2 Bd3 14. Rf3 Nf5 15.
Bf2 Nxd4 16. cxd4 Bg6 17. Qa4 Be7 18. Rc1 O-O 19. Rfc3 Qb6 20. Rb3 Qa7 21. Rxc6
Rfc8 22. Rbc3 Qb7 23. Nb3 Kh7 24. Rxc8 Rxc8 25. Rxc8 Qxc8 26. Nc5 Qb8 27. b3
Bxc5 28. dxc5 Qc8 29. Bd4 Bd3 30. Qa5 Qc6 31. Kf2 Qb5 32. Qxb5 Bxb5 33. Kf3 Kg6
34. a4 Bc6 35. h3 f5 36. Ke3 Kf7 37. Kd3 Ke7 38. Kc3 a5 39. Kd3 h4 40. Bf2 Kd7
41. Kd4 Bb7 42. Bxh4 Ba6 43. Be1 Be2 44. Bxa5 Bd1 45. Kc3 Kc6 46. Bb4 d4+ 47.
Kc4 Bc2 48. g4 fxg4 49. hxg4 Bd1 50. Bd2 Bxg4 51. b4 Be2+ 52. Kxd4 Bd1 53. b5+
Kc7 54. c6 Bxa4 55. Kc5 1-0

[Event "First Saturday09JulyIM-A"]
[Site "Budapest"]
[Date "2009.07.11"]
[Round "8"]
[White "Margraf, Daniel"]
[Black "Zentai, Peter"]
[Result "0-1"]
[WhiteElo "2238"]
[BlackElo "2263"]
[PlyCount "42"]
[EventDate "2009.07.04"]

1. e4 e6 2. d4 d5 3. Nd2 c5 4. Ngf3 cxd4 5. Nxd4 Nf6 6. e5 Nfd7 7. N2f3 Nc6 8.
Bf4 Be7 9. Bd3 O-O 10. h4 g6 11. h5 Nc5 12. Bh6 Re8 13. Nxc6 bxc6 14. Qd2 Rb8
15. Qf4 Nxd3+ 16. cxd3 Rxb2 17. O-O Rb4 18. d4 c5 19. hxg6 fxg6 20. a3 Rc4 21.
Ng5 Rf8 0-1

[Event "First Saturday09JulyIM-A"]
[Site "Budapest"]
[Date "2009.07.11"]
[Round "8"]
[White "Szeberenyi, Adam"]
[Black "Klein, David"]
[Result "1/2-1/2"]
[WhiteElo "2318"]
[BlackElo "2236"]
[PlyCount "42"]
[EventDate "2009.07.04"]

1. d4 Nf6 2. Nf3 g6 3. c4 Bg7 4. Nc3 d6 5. Bg5 O-O 6. e3 c5 7. Be2 Bf5 8. O-O
Ne4 9. Nxe4 Bxe4 10. Bd3 Bxf3 11. Qxf3 cxd4 12. exd4 Bxd4 13. Qxb7 Nd7 14. Rac1
Rb8 15. Qe4 Bf6 16. Bh6 Re8 17. b3 a5 18. Bd2 Nc5 19. Qe3 Qc7 20. Rfe1 Rec8 21.
Bf1 Ne6 1/2-1/2

e6 1/2-1/2

[Event "First Saturday09JulyIM-A"]
[Site "Budapest"]
[Date "2009.07.11"]
[Round "8"]
[White "Khadempour, Farhad"]
[Black "Nazarenus, Olaf"]
[Result "1-0"]
[WhiteElo "2180"]
[BlackElo "2154"]
[PlyCount "51"]
[EventDate "2009.07.04"]

1. e4 c5 2. Nf3 g6 3. d4 cxd4 4. Nxd4 Bg7 5. Nc3 Nc6 6. Be3 Nf6 7. Bc4 O-O 8.
Bb3 Ng4 9. Qxg4 Nxd4 10. Qd1 Nxb3 11. axb3 a6 12. O-O Rb8 13. Nd5 b5 14. Ba7
Rb7 15. Rxa6 e6 16. Nc3 b4 17. Na4 Qh4 18. Bc5 Re8 19. Re1 f5 20. e5 Rc7 21.
Rb6 Bf8 22. Rxb4 f4 23. Bxf8 Rxf8 24. Nc3 Rf5 25. Qf3 Rh5 26. h3 1-0

[Event "First Saturday09JulyIM-A"]
[Site "Budapest"]
[Date "2009.07.12"]
[Round "9"]
[White "Klein, David"]
[Black "Khadempour, Farhad"]
[Result "1-0"]
[WhiteElo "2236"]
[BlackElo "2180"]
[PlyCount "77"]
[EventDate "2009.07.04"]

1. d4 d5 2. c4 c6 3. Nc3 Nf6 4. e3 Bf5 5. Nf3 e6 6. Qb3 Qb6 7. c5 Qc7 8. Nh4
Bg6 9. Nxg6 hxg6 10. g3 Nbd7 11. Bd2 e5 12. O-O-O b6 13. cxb6 axb6 14. Bg2 Bd6
15. Kb1 e4 16. f3 exf3 17. Bxf3 Kf8 18. Rc1 Qb7 19. e4 dxe4 20. Nxe4 Nxe4 21.
Bxe4 Nb8 22. Rhf1 f5 23. Bxf5 gxf5 24. Rxf5+ Ke8 25. Re1+ Kd8 26. Rf7 Nd7 27.
Qe6 Qc7 28. Rxg7 Ra4 29. Rxd7+ Qxd7 30. Qf6+ Kc7 31. Qxh8 Qf5+ 32. Ka1 Qf7 33.
d5 Rxa2+ 34. Kxa2 Qxd5+ 35. Ka1 Qxd2 36. Qh7+ Kd8 37. Qg8+ Kc7 38. Qf7+ Be7 39.
Rxe7+ 1-0

[Event "First Saturday09JulyIM-A"]
[Site "Budapest"]
[Date "2009.07.12"]
[Round "9"]
[White "Bakin, Alexander"]
[Black "Margraf, Daniel"]
[Result "1/2-1/2"]
[WhiteElo "2248"]
[BlackElo "2238"]
[PlyCount "96"]
[EventDate "2009.07.04"]

1. e4 e5 2. Nf3 Nf6 3. Nxe5 d6 4. Nf3 Nxe4 5. Nc3 Nxc3 6. dxc3 Be7 7. Bf4 O-O
8. Qd2 Nd7 9. O-O-O Nc5 10. h3 Bf6 11. Bd3 Nxd3+ 12. Qxd3 a5 13. g4 Qe8 14. Kb1
Qa4 15. Bg5 Be5 16. Bc1 Be6 17. b3 Qc6 18. Nxe5 dxe5 19. c4 a4 20. Bb2 f6 21.
Qe3 b5 22. cxb5 Qxb5 23. f4 axb3 24. axb3 Bf7 25. fxe5 Rfe8 26. Rhe1 c5 27. Qc3
c4 28. b4 Ra4 29. Kc1 Rxb4 30. Qd4 c3 31. Qxc3 Rb8 32. Ba3 Rc4 33. Qb2 Qe8 34.
Qa2 Rbc8 35. e6 Bg6 36. e7 Bxc2 37. Qxc4+ Rxc4 38. Rd8 Bg6+ 39. Kb2 Rc8 40.
Red1 Kf7 41. Rxe8 Rxe8 42. Kc3 h5 43. Rd8 hxg4 44. hxg4 Be4 45. Kd4 Bf3 46. g5
fxg5 47. Ke5 g4 48. Kf4 g5+ 1/2-1/2

[Event "First Saturday09JulyIM-A"]
[Site "Budapest"]
[Date "2009.07.12"]
[Round "9"]
[White "Sebestyen, Balazs"]
[Black "Szalanczy, Emil"]
[Result "1/2-1/2"]
[WhiteElo "2242"]
[BlackElo "2318"]
[PlyCount "283"]
[EventDate "2009.07.04"]

1. Nf3 c5 2. c4 Nf6 3. Nc3 g6 4. d4 Bg7 5. e4 O-O 6. Be2 d6 7. O-O Nc6 8. d5
Na5 9. Rb1 b6 10. a3 e6 11. b4 Nb7 12. Qc2 exd5 13. cxd5 Bg4 14. h3 Bxf3 15.
Bxf3 Rc8 16. Bd2 cxb4 17. axb4 a5 18. Qb3 Nd7 19. Nb5 Qh4 20. Be3 Ne5 21. Bxb6
axb4 22. Bg4 Nxg4 23. hxg4 Be5 24. f4 Bg7 25. Qf3 Rc4 26. g5 f5 27. Bf2 Qg4 28.
Qxg4 fxg4 29. Be1 Rxe4 30. Bxb4 Rfxf4 31. Rxf4 Rxf4 32. g3 Rf5 33. Nxd6 Nxd6
34. Bxd6 Bd4+ 35. Kg2 Rxd5 36. Rb8+ Kf7 37. Rb7+ Ke6 38. Bf4 Rd7 39. Rb1 Ra7
40. Re1+ Kd5 41. Re8 Rb7 42. Kf1 Kc4 43. Ke2 Rb2+ 44. Bd2 Rb3 45. Bf4 Bc5 46.
Re4+ Kd5 47. Re8 Rf3 48. Rh8 Rf2+ 49. Ke1 Rh2 50. Re8 Bd4 51. Kf1 Kc4 52. Re6
Kd3 53. Re7 Bb6 54. Re6 Bc5 55. Re8 Rf2+ 56. Ke1 Ra2 57. Kf1 Bd4 58. Re7 Ra7
59. Re8 Bc5 60. Rb8 Ke4 61. Ke2 Ra2+ 62. Bd2 Bd6 63. Rb3 Ra3 64. Rb7 Rxg3 65.
Rxh7 Rg2+ 66. Kd1 g3 67. Rd7 Rxd2+ 68. Kxd2 g2 69. Rxd6 g1=Q 70. Rxg6 Qh2+ 71.
Kc3 Qc7+ 72. Kb4 Kd4 73. Kb5 Qc8 74. Kb6 Qd8+ 75. Kb7 Qe7+ 76. Kb6 Qb4+ 77. Kc7
Qa5+ 78. Kb7 Qd5+ 79. Kb6 Qc5+ 80. Kb7 Kd5 81. Rb6 Qe7+ 82. Ka6 Qe2+ 83. Kb7
Kc5 84. g6 Qe4+ 85. Ka7 Qa4+ 86. Kb7 Qd7+ 87. Ka6 Qc8+ 88. Ka7 Qc7+ 89. Rb7
Qa5+ 90. Kb8 Kc6 91. g7 Qe5+ 92. Ka7 Qe8 93. Rb6+ Kc5 94. Rb7 Qg8 95. Rc7+ Kd6
96. Rb7 Kc5 97. Rc7+ Kd6 98. Rb7 Kc6 99. Rb6+ Kd5 100. Rb7 Ke5 101. Rb5+ Kf6
102. Rb7 Kg5 103. Rb5+ Kh6 104. Rb7 Qa2+ 105. Kb6 Kh7 106. Rc7 Qd5 107. Ka7
Qa5+ 108. Kb7 Qd5+ 109. Ka7 Kg8 110. Rb7 Qa5+ 111. Kb8 Qa6 112. Rc7 Kh7 113.
Rb7 Qa2 114. Rc7 Kg6 115. Kb7 Kf6 116. Kb8 Qg8+ 117. Ka7 Ke6 118. Rb7 Kd6 119.
Rb6+ Kc5 120. Rb7 Qd8 121. Rf7 Qa5+ 122. Kb8 Qd8+ 123. Ka7 Kc6 124. Rb7 Qc8
125. Rb6+ Kc7 126. Rb2 Qg4 127. Rb7+ Kc6 128. Rb6+ Kc5 129. Rb7 Qg6 130. Rc7+
Kb5 131. Rb7+ Ka5 132. Kb8 Qd6+ 133. Ka7 Qg3 134. Rd7 Qe3+ 135. Kb7 Qe4+ 136.
Kc7 Qe8 137. Kd6 Kb6 138. Re7 Qg6+ 139. Kd7 Kb7 140. Kd8+ Kc6 141. Rc7+ Kd6
142. Rd7+ 1/2-1/2

[Event "First Saturday09JulyIM-A"]
[Site "Budapest"]
[Date "2009.07.12"]
[Round "9"]
[White "Biro, Sandor"]
[Black "Farago, Sandor"]
[Result "1/2-1/2"]
[WhiteElo "2312"]
[BlackElo "2244"]
[PlyCount "39"]
[EventDate "2009.07.04"]

1. e4 Nf6 2. e5 Nd5 3. Nf3 d6 4. d4 g6 5. Bc4 c6 6. O-O Bg7 7. h3 O-O 8. Re1
Nd7 9. exd6 exd6 10. Bb3 b5 11. c3 N7f6 12. Nbd2 a6 13. Nf1 h6 14. Ng3 Be6 15.
Bd2 Kh7 16. a4 Nc7 17. Bxe6 Nxe6 18. axb5 axb5 19. Rxa8 Qxa8 20. Qa1 1/2-1/2

[Event "First Saturday09JulyIM-A"]
[Site "Budapest"]
[Date "2009.07.13"]
[Round "10"]
[White "Szalanczy, Emil"]
[Black "Biro, Sandor"]
[Result "1-0"]
[WhiteElo "2318"]
[BlackElo "2312"]
[PlyCount "79"]
[EventDate "2009.07.04"]

1. e4 e5 2. Nf3 Nc6 3. Bb5 a6 4. Ba4 Nf6 5. O-O Nxe4 6. d4 b5 7. Bb3 d5 8. dxe5
Be6 9. c3 Bc5 10. Nbd2 O-O 11. Bc2 f5 12. Nb3 Bb6 13. Be3 Bxe3 14. fxe3 Qe7 15.
Nbd4 Nxd4 16. Nxd4 Qd7 17. a4 c5 18. Nf3 h6 19. Qd3 g5 20. Rfd1 Qb7 21. b4 g4
22. Nh4 Rac8 23. axb5 axb5 24. Ng6 Rfe8 25. Nf4 cxb4 26. cxb4 Rc3 27. Qe2 Qb6
28. Rd4 Rec8 29. Bxe4 fxe4 30. Rad1 Rc2 31. Qe1 Rf8 32. Qg3 Kh7 33. h3 Rg8 34.
h4 Rgc8 35. h5 Rc1 36. Rxc1 Rxc1+ 37. Kh2 Rc7 38. Rxd5 Bf5 39. e6 Bxe6 40. Nxe6
1-0

[Event "First Saturday09JulyIM-A"]
[Site "Budapest"]
[Date "2009.07.13"]
[Round "10"]
[White "Szeberenyi, Adam"]
[Black "Bakin, Alexander"]
[Result "1/2-1/2"]
[WhiteElo "2318"]
[BlackElo "2248"]
[PlyCount "20"]
[EventDate "2009.07.04"]

1. d4 Nf6 2. Nf3 e6 3. Bg5 Be7 4. e3 c5 5. Bd3 b6 6. O-O Bb7 7. Nbd2 O-O 8. c3
d5 9. Ne5 Nbd7 10. f4 Ne4 1/2-1/2

[Event "First Saturday09JulyIM-A"]
[Site "Budapest"]
[Date "2009.07.13"]
[Round "10"]
[White "Khadempour, Farhad"]
[Black "Zentai, Peter"]
[Result "1-0"]
[WhiteElo "2180"]
[BlackElo "2263"]
[PlyCount "51"]
[EventDate "2009.07.04"]

1. e4 e6 2. d4 d5 3. exd5 Qxd5 4. Nf3 Nf6 5. Be2 c5 6. Nc3 Qd8 7. O-O Nc6 8.
Bb5 Bd7 9. d5 exd5 10. Nxd5 Nxd5 11. Qxd5 Be7 12. Bg5 O-O 13. Rfd1 Bxg5 14.
Nxg5 Qf6 15. Bd3 Nb4 16. Bxh7+ Kh8 17. Qxc5 Bc6 18. c3 Na6 19. Qf5 Nc7 20. Rd3
Qxf5 21. Bxf5 g6 22. Be4 Bb5 23. Rh3+ Kg7 24. Bxb7 Rab8 25. Be4 f6 26. Rh7+ 1-0

[Event "First Saturday09JulyIM-A"]
[Site "Budapest"]
[Date "2009.07.13"]
[Round "10"]
[White "Nazarenus, Olaf"]
[Black "Klein, David"]
[Result "0-1"]
[WhiteElo "2154"]
[BlackElo "2236"]
[PlyCount "78"]
[EventDate "2009.07.04"]

1. e4 c5 2. Nc3 a6 3. f4 b5 4. Nf3 Bb7 5. d3 e6 6. Be2 Nf6 7. O-O d6 8. Qe1 Nc6
9. Qg3 Qc7 10. e5 Nd7 11. exd6 Qxd6 12. Ne4 Qc7 13. Be3 Ne7 14. Nh4 g6 15. Bf3
Nf5 16. Nxf5 exf5 17. Ng5 Bg7 18. Rae1 O-O 19. Bxb7 Qxb7 20. Qh4 h6 21. Nf3
Rac8 22. Bd2 c4 23. d4 Nf6 24. Bb4 Rfe8 25. Rxe8+ Rxe8 26. Ne5 Ne4 27. Rd1 Qd5
28. Qe1 Kh7 29. c3 Bf6 30. Qf1 Bd8 31. a4 f6 32. Nf3 a5 33. Ba3 bxa4 34. Re1
Bc7 35. g3 g5 36. Re2 gxf4 37. gxf4 Rg8+ 38. Rg2 Bxf4 39. Rxg8 Be3+ 0-1

[Event "First Saturday09JulyIM-A"]
[Site "Budapest"]
[Date "2009.07.14"]
[Round "11"]
[White "Zentai, Peter"]
[Black "Nazarenus, Olaf"]
[Result "1-0"]
[WhiteElo "2263"]
[BlackElo "2154"]
[PlyCount "61"]
[EventDate "2009.07.04"]

1. d4 d5 2. c4 Bf5 3. cxd5 Bxb1 4. Qa4+ c6 5. Rxb1 Qxd5 6. Nf3 Nd7 7. g3 Qe4 8.
Ra1 e5 9. Bg2 Nc5 10. Qc4 b5 11. Qxf7+ Kxf7 12. Ng5+ Kg6 13. Nxe4 exd4 14. Nxc5
Bxc5 15. Bxc6 Rb8 16. Bf4 Bb4+ 17. Kf1 Rb6 18. Be4+ Kf6 19. h4 Ne7 20. Kg2 Bd6
21. Bd2 Ke5 22. Bd3 Nc6 23. Rac1 Nb4 24. Bxb4 Bxb4 25. Rc7 Ra6 26. a3 Bf8 27.
Rhc1 g6 28. Rb7 Rb6 29. Rxa7 Bd6 30. Ra5 Rhb8 31. a4 1-0

[Event "First Saturday09JulyIM-A"]
[Site "Budapest"]
[Date "2009.07.14"]
[Round "11"]
[White "Bakin, Alexander"]
[Black "Khadempour, Farhad"]
[Result "1-0"]
[WhiteElo "2248"]
[BlackElo "2180"]
[PlyCount "53"]
[EventDate "2009.07.04"]

1. d4 d5 2. Nf3 Nf6 3. g3 c6 4. Bg2 Qb6 5. O-O Bf5 6. b3 e6 7. Nh4 Nbd7 8. Nxf5
exf5 9. c4 dxc4 10. bxc4 g6 11. Nc3 Qa6 12. Qb3 Bd6 13. Rb1 Rb8 14. Re1 O-O 15.
Bh6 Rfe8 16. c5 Bc7 17. e4 fxe4 18. Nxe4 Nxe4 19. Rxe4 b5 20. Rbe1 Rxe4 21.
Rxe4 Qa4 22. Re7 Qxb3 23. axb3 Rd8 24. Bxc6 Nxc5 25. dxc5 Bb8 26. Bxb5 Rc8 27.
Bc4 1-0

[Event "First Saturday09JulyIM-A"]
[Site "Budapest"]
[Date "2009.07.14"]
[Round "11"]
[White "Biro, Sandor"]
[Black "Margraf, Daniel"]
[Result "1/2-1/2"]
[WhiteElo "2312"]
[BlackElo "2238"]
[PlyCount "94"]
[EventDate "2009.07.04"]

1. e4 e5 2. Nc3 Nf6 3. Nf3 Bb4 4. Nxe5 O-O 5. Be2 Re8 6. Nd3 Ba5 7. e5 Bxc3 8.
dxc3 Ne4 9. O-O Nc6 10. f3 Ng5 11. f4 Ne4 12. Nf2 Nc5 13. Bf3 d6 14. exd6 cxd6
15. a4 Bf5 16. g4 Be4 17. b4 Bxf3 18. Qxf3 Nd7 19. Bd2 Nb6 20. a5 Nc4 21. Qd3
d5 22. Rae1 Rxe1 23. Rxe1 b5 24. axb6 axb6 25. Bc1 b5 26. Qf3 Qd7 27. Nd3 Rd8
28. f5 f6 29. Bf4 d4 30. Re6 N6e5 31. Bxe5 Nxe5 32. Nxe5 fxe5 33. Rxe5 dxc3 34.
Qe2 Qd4+ 35. Kg2 Kf8 36. Kf3 h5 37. h3 h4 38. Qxb5 Qd1+ 39. Qe2 Qh1+ 40. Kf4
Qxh3 41. Re3 Qh1 42. Rxc3 Re8 43. Re3 Qc1 44. Kf3 Qh1+ 45. Kf4 Qc1 46. Kf3 Qh1+
47. Kf4 Qc1 1/2-1/2

[Event "First Saturday09JulyIM-A"]
[Site "Budapest"]
[Date "2009.07.14"]
[Round "11"]
[White "Farago, Sandor"]
[Black "Szalanczy, Emil"]
[Result "1/2-1/2"]
[WhiteElo "2244"]
[BlackElo "2318"]
[PlyCount "47"]
[EventDate "2009.07.04"]

1. c4 c5 2. Nc3 Nc6 3. g3 g6 4. Bg2 Bg7 5. e3 d6 6. Nge2 e5 7. d3 Nge7 8. O-O
O-O 9. Rb1 Rb8 10. a3 Bg4 11. h3 Bf5 12. b4 b6 13. Kh2 Qd7 14. b5 Nd8 15. e4
Be6 16. Nd5 f5 17. f4 Nf7 18. Bb2 Rbd8 19. Nxe7+ Qxe7 20. Qd2 Bh6 21. Qe1 Bg7
22. Qd2 Bh6 23. Qe1 Bg7 24. Qd2 1/2-1/2